Fundamentals of management. / (Record no. 8403)
[ view plain ]
| 000 -LEADER | |
|---|---|
| fixed length control field | 01236nam a22002297a 4500 |
| 003 - CONTROL NUMBER IDENTIFIER | |
| control field | OSt |
| 005 - DATE AND TIME OF LATEST TRANSACTION | |
| control field | 20220114142257.0 |
| 008 - FIXED-LENGTH DATA ELEMENTS--GENERAL INFORMATION | |
| fixed length control field | 120201t xxu||||| |||| 00| 0 eng d |
| 020 ## - INTERNATIONAL STANDARD BOOK NUMBER | |
| International Standard Book Number | 9780077126933 |
| 020 ## - INTERNATIONAL STANDARD BOOK NUMBER | |
| International Standard Book Number | 0077126939 |
| 040 ## - CATALOGING SOURCE | |
| Transcribing agency | LC |
| 050 ## - LIBRARY OF CONGRESS CALL NUMBER | |
| Classification number | HD31.S64 |
| 100 ## - MAIN ENTRY--PERSONAL NAME | |
| Personal name | Smith, Mike |
| 245 ## - TITLE STATEMENT | |
| Title | Fundamentals of management. / |
| Statement of responsibility, etc. | Smith Mike |
| 250 ## - EDITION STATEMENT | |
| Edition statement | 2nd ed. |
| 260 ## - PUBLICATION, DISTRIBUTION, ETC. | |
| Place of publication, distribution, etc. | New York: |
| Name of publisher, distributor, etc. | McGraw Hill, |
| Date of publication, distribution, etc. | 2011. |
| 300 ## - PHYSICAL DESCRIPTION | |
| Extent | 557 p.: |
| Dimensions | 24cm. |
| Other physical details | ill. |
| 500 ## - GENERAL NOTE | |
| General note | Include index. |
| 505 ## - FORMATTED CONTENTS NOTE | |
| Formatted contents note | Contents: 1. What is management: Defining management -- The Organisational context-- The Historical context -- 2. Management processes: Planning and strategy -- Organisational structures and teamwork -- Organisational change -- Staffing - selecting, developing and motivating people -- Leading and leadership -- Decision-making -- Controlling -- Reporting and communicating -- Budgeting -- 3. Management functions: Introduction to management functions -- Marketing -- Operations -- Human resources management -- Finance and accounting -- Information management -- 4. Personal perspectives on management: Social responsibility and business ethics -- Management fads, gurus and research -- |
| 650 ## - SUBJECT ADDED ENTRY--TOPICAL TERM | |
| Topical term or geographic name entry element | Management. |
| 942 ## - ADDED ENTRY ELEMENTS (KOHA) | |
| Source of classification or shelving scheme | Library of Congress Classification |
| Koha item type | Books |
| Withdrawn status | Lost status | Source of classification or shelving scheme | Damaged status | Not for loan | Home library | Current library | Shelving location | Date acquired | Total Checkouts | Full call number | Barcode | Date last seen | Copy number | Price effective from | Koha item type |
|---|---|---|---|---|---|---|---|---|---|---|---|---|---|---|---|
| Library of Congress Classification | WISCONSIN INTERNATIONAL UNIVERSITY COLLEGE, GHANA KUMASI LIBRARY | WISCONSIN INTERNATIONAL UNIVERSITY COLLEGE, GHANA KUMASI LIBRARY | General Stacks | 24/10/2019 | HD31.S64(2e) | K/487/487/19 | 14/01/2022 | 1 | 14/01/2022 | Books | |||||
| Library of Congress Classification | WISCONSIN INTERNATIONAL UNIVERSITY COLLEGE, GHANA KUMASI LIBRARY | WISCONSIN INTERNATIONAL UNIVERSITY COLLEGE, GHANA KUMASI LIBRARY | General Stacks | 24/10/2019 | HD31.S641(2e) | K/488/488/19 | 14/01/2022 | 2 | 14/01/2022 | Books |
